| 000 | 00773nam a22002177a 4500 | ||
|---|---|---|---|
| 005 | 20170420143828.0 | ||
| 010 | _aENG-117895 | ||
| 020 |
_c1020.00 _a9781470437275 |
||
| 035 | _aEN-101427 | ||
| 037 | _bDBAD/PUB | ||
| 082 | _a514.72 | ||
| 100 | _aGuillemin,Victor | ||
| 245 |
_aDiferential topology / _cby Victor Guillemin [and] Alan Pollack |
||
| 260 |
_aNew Delhi _bAmerican Mathematical Society _c2017 |
||
| 270 |
_aDistributed by Universties Press,3-6-747/1/A3-6-754/1Himayat Nagar _bHydreabad (Telangana) _e500029 |
||
| 300 |
_axviii,222p. : _c24cm(pbk) _bill |
||
| 490 | _aGraduate Studies in Mathematics ; Volume 161 | ||
| 500 | _aIncludes bibliographical references and index | ||
| 700 | _a Pollack, Alan | ||
| 942 |
_2ddc _cEN _h514.72 _mGUL |
||
| 999 |
_c139125 _d139125 |
||